000 00290nam a2200133Ia 4500
008 220613s9999||||xx |||||||||||||| ||und||
100 _aAlfred Cuschieri
245 0 _aClinical Surgery
250 _a2nd (2003)
260 _bBlackwell
300 _a821
650 _aSurgery
942 _cSURG
999 _c8971
_d8971